000 00286nam a22001337a 4500
008 170905b xxu||||| |||| 00| 0 eng d
020 _a048228005957
041 _aeng
080 _a070
100 _a40
101 _aMED
245 _aJOB RESUMES
_cBIEGELLEISEM.J.I
942 _2udc
_cBK
999 _c26167
_d26167